000 00841nam a2200217 a 4500
001 000011948
005 20240412074229.0
008 091102s1954 dr a 000 0 spa d
040 _aDO-SdBNP
_bspa
_cBNPHU
082 _aRD862.44
_bG216z
100 1 _aGarcía Rodríguez, José María
_928226
245 1 0 _aZombí ; Las aflicciones estériles ; Ya viene el general Campuzano /
_cJosé María García Rodríguez.
260 _aCiudad Trujillo, República Dominicana :
_bMontalvo,
_c1954.
300 _a155 p. :
_bil. ;
_c24 cm.
650 0 _aTeatro dominicano
_9637
650 0 _aLiteratura dominicana.
_967
700 1 2 _aGarcía Rodríguez, José Maria
_tLas aflicciones estériles.
_928227
700 1 2 _aGarcía Rodríguez, José Maria
_tYa viene el general Campuzano
_928228
910 _aValidado. Control de calidad MFF
049 _aBNPD
999 _c11618
_d11618